Score 0/25 Timer 06:00
0 Plays Today
% Correct
Emma Watson
92.2%
Dwayne 'The Rock' Johnson
91.1%
Daniel Craig
90.9%
Gordon Ramsay
89.8%
Adele
89.8%
Gwen Stefani
88.3%
Sofía Vergara
88.2%
Tina Fey
87.7%
Rihanna
86.3%
Kevin Spacey
86.2%
Kevin Hart
86%
Emilia Clarke
85.3%
Jennifer Lopez
84.9%
% Correct
Matthew McConaughey
81%
Miley Cyrus
80.8%
Mila Kunis
80.5%
Robert Downey Jr.
80.2%
Kenny Chesney
79.1%
Adam Levine
76.6%
Taylor Swift
74.3%
Charlize Theron
74%
Denzel Washington
71.3%
Neil Patrick Harris
70.3%
Kristen Stewart
67.2%
Chris Pratt
57.8%
Remove Ads.
Support Sporcle.
Get the best of Sporcle when you Go Orange. This ad-free experience offers more features, more stats, and more fun while also helping to support Sporcle. Thank you for becoming a member.

You're not logged in!

Compare scores with friends on all Sporcle quizzes.
OR
Log In

Sporcle TV

Today on Sporcle TV


Watch our educational content, quiz creation guides, and fun videos on Sporcle TV.

Show Comments

Extras

Top Quizzes Today


Score Distribution

Paid Content

Your Account Isn't Verified!

In order to create a playlist on Sporcle, you need to verify the email address you used during registration. Go to your Sporcle Settings to finish the process.

Report this User

Report this user for behavior that violates our Community Guidelines.

Details: